Meilleurs joueurs de l'année top 14 - Statistiques

Statistiques générales
  • Ce quiz a été pris 27 fois
  • Le résultat moyen est 7 sur 21
Statistiques - réponses
Hint Réponse % Correct
2024 Dupont
100%
2023 Dupont
100%
2021 Dupont
100%
2025 Willis
96%
2010 Parra
42%
2019 Kolbe
38%
2022 Mercer
29%
2014 Giteau
25%
2013 Kockott
25%
2009 Nalaga
25%
2018 Botica
21%
2005 Jauzion
21%
2016 Goosen
17%
2008 Kelleher
17%
2015 Parisse
13%
2006 Caucaunibuca
8%
2004 Edmonds
8%
2007 Hernandez
8%
2012 Masoe
8%
2011 Trinh-Duc
8%
2017 Vito
8%
Aucun quiz correspondant
Distribution des résultats
% des personnes avec chaque résultat
Percentile par nombre de réponses
Votre historique - résultats
Vous n’avez pas pris ce quiz